[Event "CAN-ch U20 1983-84"]
[Site "St John"]
[Date "1984.01.08"]
[Round "11"]
[White "Bolduc, Steve"]
[Black "Didiodato, Robert"]
[Result "1-0"]
[WhiteElo "2111"]
[BlackElo "1923"]
[PlyCount "81"]
[EventDate "1983.12.27"]
[EventType "tourn"]
[EventRounds "11"]
[EventCountry "CAN"]
[SourceTitle "EXT 2021"]
[Source "ChessBase"]
[SourceDate "2020.10.23"]
[SourceVersion "1"]
[SourceVersionDate "2020.10.23"]
[SourceQuality "1"]

1. d4 g6 2. c4 Bg7 3. g3 d6 4. Bg2 f6 5. Nc3 Nh6 6. Nf3 Na6 7. 0-0 0-0 8. a3 c5 9. Rb1 Bf5 10. e4 Bd7 11. b4 cxd4 12. Nxd4 Nc7 13. Bb2 Rb8 14. Rc1 f5 15. Re1 f4 16. Nd5 fxg3 17. hxg3 Ng4 18. Rc2 Ne8 19. Ne3 Nef6 20. f3 Nxe3 21. Rxe3 Bh6 22. Rd3 Qe8 23. Bc1 Bg7 24. Qe1 Rc8 25. Be3 e5 26. Ne2 d5 27. Rxd5 Nxd5 28. exd5 Bf5 29. Rc1 Bd3 30. c5 e4 31. Nf4 exf3 32. Bxf3 Be4 33. Bg4 Bf5 34. Bf3 Be4 35. Bg4 Bf5 36. Bf3 Bb2 37. d6 Bxc1 38. Bd5+ Rf7 39. Qxc1 Be4 40. Be6 Bf5 41. d7 1-0

[Event "Canadian op"]
[Site "Ottawa"]
[Date "1980.07.27"]
[Round "10"]
[White "Didiodato, Robert"]
[Black "Brodie, Hugh"]
[Result "1/2-1/2"]
[WhiteElo "1620"]
[BlackElo "1850"]
[PlyCount "55"]
[EventDate "1980.07.19"]
[EventType "swiss"]
[EventRounds "10"]
[EventCountry "CAN"]
[SourceTitle "EXT 2022"]
[Source "ChessBase"]
[SourceDate "2021.10.06"]
[SourceVersion "1"]
[SourceVersionDate "2021.10.06"]
[SourceQuality "1"]

1. e4 c5 2. Nf3 Nc6 3. d4 cxd4 4. Nxd4 g6 5. Nc3 Bg7 6. Be3 Nf6 7. f3 Qa5 8. Bc4 Qb4 9. Nxc6 bxc6 10. Bb3 0-0 11. 0-0 d6 12. Ne2 Ba6 13. c3 Qb5 14. Rf2 c5 15. Nf4 Rad8 16. Rd2 Qb6 17. Nd5 Nxd5 18. exd5 Rfe8 19. Ba4 Bb5 20. Bxb5 Qxb5 21. Qf1 Qb7 22. Rad1 Rb8 23. Qc4 Qd7 24. Qe4 Rb7 25. Re2 Reb8 26. Bc1 a5 27. Rde1 Bf6 28. a3 1/2-1/2